| 000 | 00438nam a22001697a 4500 | ||
|---|---|---|---|
| 003 | CEME | ||
| 005 | 20210628204131.0 | ||
| 008 | 210106b xxu||||| |||| 00| 0 eng d | ||
| 020 | _a0387253513 | ||
| 040 | _cceme | ||
| 082 | _a333.7914 ENE | ||
| 100 |
_aLoulou, Richard, Waaub, Jean-Philippe, Zaccour, Georges _968871 |
||
| 245 | _aEnergy and environment | ||
| 260 |
_aUSA _bSPRINGER _c2005 |
||
| 300 | _aXVII, 282P | ||
| 942 |
_cBK _2ddc |
||
| 999 |
_c576331 _d576331 |
||